Southville International School and Colleges
Your cart is empty.
  • Cart
  • Lists
    Public lists Eva Luna New books Lux_list list_1
    Your lists Log in to create your own lists
  • Log in to your account
  • Your cookies
  • Search history
Southville International School and Colleges
  • Advanced search
  • Recent comments
  • Most popular
  • Libraries

Log in to your account

Log in with GOOGLE


If you do not have an external account, but do have a local account, you can still log in:

  1. Home
  2. MARC view: Creating a newsletter in InDesign /
Normal view MARC view ISBD view

Creating a newsletter in InDesign / (Record no. 300865)

[ view plain ]
MARC details
000 -LEADER
fixed length control field 00739nam a2200265Ia 4500
008 - FIXED-LENGTH DATA ELEMENTS--GENERAL INFORMATION
fixed length control field 160901s9999 xx 000 0 und d
020 ## - INTERNATIONAL STANDARD BOOK NUMBER
International Standard Book Number 0-321-27892-5
050 ## - LIBRARY OF CONGRESS CALL NUMBER
Classification number ComSc Z 246
050 ## - LIBRARY OF CONGRESS CALL NUMBER
Item number .S77 2005
100 ## - MAIN ENTRY--PERSONAL NAME
Personal name Straub, Katrin.
245 ## - TITLE STATEMENT
Title Creating a newsletter in InDesign /
245 ## - TITLE STATEMENT
Statement of responsibility, etc Katrin Straub, Torsten Buck.
260 ## - PUBLICATION, DISTRIBUTION, ETC. (IMPRINT)
Place of publication, distribution, etc Berkeley, Calif. : 
260 ## - PUBLICATION, DISTRIBUTION, ETC. (IMPRINT)
Name of publisher, distributor, etc Peachpit Press.,
260 ## - PUBLICATION, DISTRIBUTION, ETC. (IMPRINT)
Date of publication, distribution, etc 2005
300 ## - PHYSICAL DESCRIPTION
Extent 129 pages :
300 ## - PHYSICAL DESCRIPTION
Other physical details col. ill. ;
300 ## - PHYSICAL DESCRIPTION
Dimensions 23 cm.
440 ## - SERIES STATEMENT/ADDED ENTRY--TITLE
Title Visual quickstart guide
500 ## - GENERAL NOTE
General note Includes index.
650 ## - SUBJECT ADDED ENTRY--TOPICAL TERM
Topical term or geographic name as entry element Adobe InDesign (Electronic resource).
650 ## - SUBJECT ADDED ENTRY--TOPICAL TERM
Topical term or geographic name as entry element Graphic design (Typography).
650 ## - SUBJECT ADDED ENTRY--TOPICAL TERM
General subdivision Desktop publishing.
650 ## - SUBJECT ADDED ENTRY--TOPICAL TERM
General subdivision Newsletters -- Design.
Holdings
Withdrawn status Lost status Damaged status Home library Current library Shelving location Date acquired Cost, normal purchase price Total Checkouts Full call number Barcode Date last seen Price effective from Koha item type
      South Mansfield College South Mansfield College   06/20/2000 295.00   ComSc Z 246 .S77 2005 SMC03282 09/01/2016 09/01/2016  

Creating a newsletter in InDesign /

APA

Straub K., .Creating a newsletter in InDesign. Berkeley, Calif: .

Chicago

Straub Katrin, .Creating a newsletter in InDesign. Berkeley, Calif: .

Harvard

Straub K., .Creating a newsletter in InDesign. Berkeley, Calif: .

MLA

Straub Katrin, .Berkeley, Calif: . .

  • Place hold
  • Print
  • Cite
  • Add to your cart (remove)
  • Save record
    BIBTEX Dublin Core MARCXML MARC (non-Unicode/MARC-8) MARC (Unicode/UTF-8) MARC (Unicode/UTF-8, Standard) MODS (XML) RIS
  • More searches
    Search for this title in:
    Other Libraries (WorldCat) Other Databases (Google Scholar) Online Stores (Bookfinder.com) Open Library (openlibrary.org)

Exporting to Dublin Core...

SOUTHVILLE LIBRARY

Southville International School and Colleges Library

1281 Tropical Ave. Cor. Luxembourg St., BF Homes International, Las Pinas City

Tel. No. 8256374 / 252358 Loc. 117/146

Powered by Koha